[Event "Titled Tuesday intern op 13th Feb Late"]
[Site "Chess.com INT"]
[Date "2024.02.13"]
[Round "4"]
[White "Yoo, Christopher Woojin"]
[Black "Margvelashvili, Giorgi"]
[Result "1-0"]
[WhiteElo "2595"]
[BlackElo "2540"]
[PlyCount "145"]
[EventDate "2024.02.13"]
[EventType "swiss (blitz)"]
[EventRounds "11"]
[EventCountry "USA"]
[SourceTitle "CB08_2024"]
[SourceDate "2024.02.21"]
[SourceVersion "1"]
[SourceVersionDate "2024.02.21"]
[SourceQuality "1"]

1. d4 Nf6 2. c4 e6 3. Nc3 c5 4. d5 d6 5. dxe6 Bxe6 6. e4 Nc6 7. Nf3 g6 8. Bf4 Nh5 9. Bg5 Qb6 10. Qd2 Bg7 11. Be2 0-0 12. 0-0 Nf6 13. Rfd1 Rad8 14. b3 Rd7 15. Rac1 Ng4 16. Nd5 Bxd5 17. exd5 Nb4 18. a3 Na6 19. Rb1 h6 20. Bf4 g5 21. Bg3 f5 22. h3 f4 23. hxg4 fxg3 24. fxg3 Qd8 25. Bd3 Nc7 26. Bf5 Re7 27. Re1 Rfe8 28. Rxe7 Qxe7 29. Re1 Qf8 30. Re2 Bf6 31. Qe1 Kg7 32. Kh2 Re7 33. Nd2 Rxe2 34. Qxe2 Qe7 35. Be4 Be5 36. Qf3 Qf6 37. Nf1 Ne8 38. Ne3 Kf8 39. Nf5 Kg8 40. b4 b6 41. Qb3 Ng7 42. Qa4 Nxf5 43. Bxf5 Qe7 44. Qc2 Kg7 45. Qe4 Qf6 46. Qc2 Qf7 47. Qa4 Qe7 48. Qb3 Kf6 49. Qf3 Kg7 50. bxc5 bxc5 51. Be6 Qf6 52. Qb3 Qe7 53. Qb8 Qf8 54. Qc7+ Kg6 55. Bf5+ Kf6 56. Qd7 Qe7 57. Qc8 Kg7 58. Be6 Bd4 59. Qg8+ Kf6 60. Bf5 Qf7 61. Qd8+ Kg7 62. Qxd6 Qf6 63. Qc7+ Qf7 64. d6 Be5 65. Qxc5 Qf6 66. d7 Bb8 67. Qf2 Qe5 68. c5 Qc7 69. Qd4+ Kg8 70. Qd3 Qd8 71. Be6+ Kf8 72. Qf5+ Ke7 73. Qf7# 1-0

[Event "US Masters op"]
[Site "Charlotte"]
[Date "2023.11.26"]
[Round "8"]
[White "Homa, Seth"]
[Black "Margvelashvili, Giorgi"]
[Result "0-1"]
[WhiteElo "2234"]
[BlackElo "2540"]
[PlyCount "136"]
[EventDate "2023.11.22"]
[EventType "swiss"]
[EventRounds "9"]
[EventCountry "USA"]
[SourceTitle "CB48_2023"]
[SourceDate "2023.11.29"]
[SourceVersion "1"]
[SourceVersionDate "2023.11.29"]
[SourceQuality "1"]

1. d4 Nf6 2. Bf4 c5 3. e3 d5 4. Nf3 Nc6 5. Nbd2 e6 6. c3 cxd4 7. exd4 Nh5 8. Be3 Bd6 9. g3 Nf6 10. h3 0-0 11. Bg2 b5 12. a3 h6 13. 0-0 a5 14. Re1 Qc7 15. Rc1 Rb8 16. Bf1 Nd7 17. Nh4 Ne7 18. Ng2 f6 19. Nf4 Bxf4 20. Bxf4 e5 21. Qh5 g5 22. Be3 Kg7 23. dxe5 fxe5 24. Qe2 Ng6 25. Nf3 Nf6 26. Nh2 Bf5 27. Ng4 Nxg4 28. hxg4 Be4 29. Bg2 Bxg2 30. Kxg2 Qc6 31. Kg1 a4 32. Rcd1 Rbd8 33. Qf1 Qc4 34. Qe2 Qc6 35. Rd2 Kh7 36. Qd1 e4 37. Bd4 Rf3 38. Re3 Rxe3 39. fxe3 Qc7 40. Kg2 Rf8 41. Rf2 Rxf2+ 42. Kxf2 Kg8 43. Kg2 Qd7 44. Qe2 Nf8 45. Qd1 Ne6 46. Qe2 Nc7 47. Qd1 Qf7 48. Qe2 Qe6 49. Kf1 Kf8 50. Kg2 Ke8 51. Qd1 Kd7 52. Qe2 Kc6 53. Qd1 Ne8 54. Qe2 Nd6 55. Qd1 Qf7 56. Qe2 Nc4 57. Bh8 Kd7 58. Bd4 Kd6 59. Bh8 Qf8 60. Bd4 Ke6 61. Kg1 Qf3 62. Qxf3 exf3 63. Kf2 Nxb2 64. Kxf3 Nc4 65. Bc5 Ne5+ 66. Ke2 Nxg4 67. Bd4 h5 68. Kf3 Kf5 0-1

[Event "US Masters op"]
[Site "Charlotte"]
[Date "2023.11.23"]
[Round "3"]
[White "Margvelashvili, Giorgi"]
[Black "Flom, Gabriel"]
[Result "1/2-1/2"]
[WhiteElo "2540"]
[BlackElo "2435"]
[PlyCount "70"]
[EventDate "2023.11.22"]
[EventType "swiss"]
[EventRounds "9"]
[EventCountry "USA"]
[SourceTitle "CB48_2023"]
[SourceDate "2023.11.29"]
[SourceVersion "1"]
[SourceVersionDate "2023.11.29"]
[SourceQuality "1"]

1. d4 Nf6 2. c4 g6 3. g3 Bg7 4. Bg2 0-0 5. Nc3 d6 6. e3 e5 7. Nge2 c6 8. 0-0 Re8 9. h3 h5 10. d5 e4 11. dxc6 Nxc6 12. b3 Bf5 13. Ba3 Qd7 14. Qxd6 Bxh3 15. Qxd7 Bxd7 16. Nb5 Bg4 17. Nec3 Red8 18. Rac1 Rd2 19. Nd6 Ne5 20. Bxe4 Nxe4 21. Ndxe4 Rad8 22. Be7 R8d3 23. Nxd2 Rxd2 24. Ne4 Rxa2 25. Nf6+ Bxf6 26. Bxf6 Nf3+ 27. Kg2 Ra6 28. Bd4 Ng5 29. Kh2 Be2 30. Rh1 Nf3+ 31. Kg2 Nd2 32. Rhe1 Bf3+ 33. Kh3 Bg4+ 34. Kg2 Bf3+ 35. Kh3 Bg4+ 1/2-1/2

[Event "US Masters op"]
[Site "Charlotte"]
[Date "2023.11.22"]
[Round "1"]
[White "Margvelashvili, Giorgi"]
[Black "Michelle, Catherina P"]
[Result "1-0"]
[WhiteElo "2540"]
[BlackElo "2178"]
[PlyCount "107"]
[EventDate "2023.11.22"]
[EventType "swiss"]
[EventRounds "9"]
[EventCountry "USA"]
[SourceTitle "CB48_2023"]
[SourceDate "2023.11.29"]
[SourceVersion "1"]
[SourceVersionDate "2023.11.29"]
[SourceQuality "1"]

1. d4 Nf6 2. c4 e6 3. Nf3 d5 4. Nc3 Bb4 5. Qa4+ Nc6 6. e3 0-0 7. a3 Bd6 8. c5 Be7 9. Bb5 Bd7 10. Qc2 b6 11. b4 a6 12. Bd3 Re8 13. 0-0 bxc5 14. bxc5 Bf8 15. Bb2 g6 16. Ne2 Nh5 17. h3 f5 18. Rab1 Qe7 19. Ba1 Ng7 20. Rfc1 Reb8 21. Rxb8 Nxb8 22. Rb1 Nc6 23. Nc1 e5 24. dxe5 Qxc5 25. Qd1 Rb8 26. a4 Rxb1 27. Bxb1 Nb4 28. Nd3 Nxd3 29. Bxd3 Qa5 30. Bc2 Ne6 31. Nd4 Nxd4 32. exd4 Be6 33. Bb3 Qb4 34. g3 Bh6 35. Kg2 c5 36. dxc5 Qxc5 37. Qd3 Qc6 38. Bd4 Bf8 39. Qe3 h6 40. h4 Kf7 41. Bd1 Qc4 42. Bb3 Qb4 43. Qd3 Be7 44. h5 gxh5 45. Bd1 Kg7 46. Qxa6 Qxd4 47. Qxe6 Bc5 48. Qf6+ Kg8 49. Qg6+ Kh8 50. Qxh6+ Kg8 51. Qg6+ Kh8 52. Qxh5+ Kg7 53. Qg5+ Kh8 54. Qxf5 1-0

[Event "Sunnyvale Silicon Valley Fall op"]
[Site "Sunnyvale"]
[Date "2023.09.02"]
[Round "4"]
[White "Woodward, Andy"]
[Black "Margvelashvili, Giorgi"]
[Result "1/2-1/2"]
[WhiteElo "2480"]
[BlackElo "2534"]
[PlyCount "57"]
[EventDate "2023.08.31"]
[EventType "swiss"]
[EventRounds "9"]
[EventCountry "USA"]
[SourceTitle "EXT 2024"]
[Source "ChessBase"]
[SourceDate "2023.10.10"]
[SourceVersion "1"]
[SourceVersionDate "2023.10.10"]
[SourceQuality "1"]

1. d4 Nf6 2. c4 e6 3. Nf3 Bb4+ 4. Nbd2 0-0 5. a3 Be7 6. e4 d6 7. Be2 Nfd7 8. b4 e5 9. d5 a5 10. Bb2 c6 11. 0-0 c5 12. b5 Nb6 13. Qc2 f5 14. exf5 Bxf5 15. Bd3 Bxd3 16. Qxd3 N8d7 17. Ne4 Qe8 18. Nfd2 Qg6 19. Rae1 Bg5 20. Bc1 Bh6 21. h4 Nf6 22. Nxf6+ gxf6 23. Qxg6+ hxg6 24. Ne4 Bxc1 25. Rxc1 f5 26. Ng5 Nd7 27. f3 Nf6 28. g3 Rfe8 29. Rce1 1/2-1/2

[Event "Chicago Summer op"]
[Site "Schaumburg"]
[Date "2023.06.24"]
[Round "3"]
[White "Margvelashvili, Giorgi"]
[Black "Kaplan, Avi Harrison"]
[Result "1/2-1/2"]
[WhiteElo "2532"]
[BlackElo "2110"]
[PlyCount "120"]
[EventDate "2023.06.23"]
[EventType "swiss"]
[EventRounds "5"]
[EventCountry "USA"]
[SourceTitle "EXT 2024"]
[Source "ChessBase"]
[SourceDate "2023.10.10"]
[SourceVersion "1"]
[SourceVersionDate "2023.10.10"]
[SourceQuality "1"]

1. d4 Nf6 2. Nf3 c5 3. d5 e6 4. Nc3 exd5 5. Nxd5 Nxd5 6. Qxd5 Be7 7. e4 0-0 8. Bc4 Nc6 9. 0-0 d6 10. c3 Be6 11. Qd3 Ne5 12. Nxe5 dxe5 13. Qxd8 Raxd8 14. Bxe6 fxe6 15. Be3 Rd7 16. Rfd1 Rfd8 17. Rxd7 Rxd7 18. Kf1 b6 19. a4 h6 20. a5 Kf7 21. axb6 axb6 22. Ra6 b5 23. Ke2 Rc7 24. Rb6 b4 25. Bd2 Ra7 26. cxb4 cxb4 27. Bxb4 Ra4 28. Bd2 Rxe4+ 29. Kd3 Rd4+ 30. Kc2 Rc4+ 31. Kb3 Rc7 32. Rb5 Bc5 33. Ba5 Rc8 34. f3 Bd4 35. Bc3 Kf6 36. Kc2 Bxc3 37. bxc3 Ra8 38. c4 Ra2+ 39. Rb2 Ra3 40. Kd2 e4 41. fxe4 Ke5 42. c5 Kxe4 43. c6 Rd3+ 44. Kc1 Rd8 45. Rb7 Rc8 46. Rxg7 Rxc6+ 47. Kd2 Kf5 48. Rf7+ Kg6 49. Re7 Kf6 50. Re8 Rc4 51. Kd3 Ra4 52. Ke3 Kf7 53. Rb8 Kf6 54. Kf3 Rh4 55. Kg3 Rh5 56. Rf8+ Kg7 57. Rf2 Kg6 58. Re2 Rg5+ 59. Kh4 Rh5+ 60. Kg3 Rg5+ 1/2-1/2

[Event "Charlotte Carolinas op"]
[Site "Charlotte"]
[Date "2023.06.11"]
[Round "5"]
[White "Corrales Jimenez, Fidel"]
[Black "Margvelashvili, Giorgi"]
[Result "0-1"]
[WhiteElo "2509"]
[BlackElo "2532"]
[PlyCount "112"]
[EventDate "2023.06.09"]
[EventType "swiss"]
[EventRounds "5"]
[EventCountry "USA"]
[SourceTitle "CBM 214 Extra"]
[Source "ChessBase"]
[SourceDate "2023.07.31"]
[SourceVersion "1"]
[SourceVersionDate "2023.07.31"]
[SourceQuality "1"]

1. e4 c6 2. d4 d5 3. e5 Bf5 4. Nd2 e6 5. Nb3 Nd7 6. Nf3 Ne7 7. Be2 h6 8. 0-0 Bh7 9. a4 Ng6 10. a5 Be7 11. c4 dxc4 12. Bxc4 0-0 13. Be3 Nh4 14. Nxh4 Bxh4 15. Nc5 Nxc5 16. dxc5 Be7 17. a6 Qc7 18. Qd4 Rfd8 19. Qc3 Rab8 20. Ra4 bxa6 21. Bxa6 Rd7 22. g3 Qd8 23. Bd4 Be4 24. Rc1 Bd5 25. b4 Bb3 26. Qxb3 Rxd4 27. b5 Rd5 28. Qf3 cxb5 29. c6 Qc7 30. Raa1 Rxe5 31. Bb7 Bc5 32. Qf4 g5 33. Qg4 Rf5 34. Ra2 Rxb7 35. cxb7 Bxf2+ 36. Kg2 Qxb7+ 37. Kh3 Bb6 38. Rd2 Kg7 39. Rcd1 Qf3 40. Qxf3 Rxf3 41. Kg4 Rf5 42. Kh5 b4 43. g4 Rf4 44. Rd3 a5 45. h4 gxh4 46. Rd7 h3 47. Rb7 Bf2 48. Rh1 Rc4 49. Rb5 Rc5+ 50. Rxc5 Bxc5 51. Rxh3 a4 52. Rg3 b3 53. g5 hxg5 54. Rxg5+ Kf6 55. Rxc5 b2 56. Rb5 a3 0-1

[Event "Chicago op 32nd"]
[Site "Chicago"]
[Date "2023.05.29"]
[Round "9"]
[White "Kevlishvili, Robby"]
[Black "Margvelashvili, Giorgi"]
[Result "1/2-1/2"]
[WhiteElo "2541"]
[BlackElo "2530"]
[PlyCount "43"]
[EventDate "2023.05.25"]
[EventType "swiss"]
[EventRounds "9"]
[EventCountry "USA"]
[SourceTitle "CBM 214 Extra"]
[Source "ChessBase"]
[SourceDate "2023.07.31"]
[SourceVersion "1"]
[SourceVersionDate "2023.07.31"]
[SourceQuality "1"]

1. e4 c5 2. Nf3 d6 3. d4 cxd4 4. Nxd4 Nf6 5. Nc3 a6 6. Bc4 e6 7. 0-0 Be7 8. f4 d5 9. exd5 exd5 10. Bb3 Nc6 11. Kh1 0-0 12. Be3 Na5 13. Qd3 Re8 14. Bg1 Nxb3 15. Nxb3 Bd7 16. Bd4 Bc6 17. Rad1 Rc8 18. Qg3 Bf8 19. Be5 Nd7 20. Bd4 Nf6 21. Be5 Nd7 22. Bd4 1/2-1/2

[Event "Redmond PNWCC Artist Point"]
[Site "Redmond"]
[Date "2021.09.03"]
[Round "2"]
[White "Margvelashvili, Giorgi"]
[Black "He, Anthony B"]
[Result "1/2-1/2"]
[WhiteElo "2528"]
[BlackElo "2452"]
[PlyCount "25"]
[EventDate "2021.09.02"]
[EventType "swiss"]
[EventRounds "9"]
[EventCountry "USA"]
[SourceTitle "CBM 204 Extra"]
[Source "ChessBase"]
[SourceDate "2021.11.30"]
[SourceVersion "1"]
[SourceVersionDate "2021.11.30"]
[SourceQuality "1"]

1. Nf3 d5 2. d4 Nf6 3. c4 e6 4. e3 Bb4+ 5. Nbd2 0-0 6. a3 Be7 7. b4 c6 8. Bd3 a5 9. b5 cxb5 10. cxb5 Nbd7 11. 0-0 b6 12. a4 Bb7 13. Qb3 1/2-1/2

[Event "Redmond PNWCC Artist Point"]
[Site "Redmond"]
[Date "2021.09.02"]
[Round "1"]
[White "Chen, Ryo"]
[Black "Margvelashvili, Giorgi"]
[Result "0-1"]
[WhiteElo "2324"]
[BlackElo "2528"]
[PlyCount "154"]
[EventDate "2021.09.02"]
[EventType "swiss"]
[EventRounds "9"]
[EventCountry "USA"]
[SourceTitle "CBM 204 Extra"]
[Source "ChessBase"]
[SourceDate "2021.11.30"]
[SourceVersion "1"]
[SourceVersionDate "2021.11.30"]
[SourceQuality "1"]

1. e4 c6 2. d4 d5 3. Nd2 dxe4 4. Nxe4 Bf5 5. Ng3 Bg6 6. h4 h6 7. Nf3 Nd7 8. h5 Bh7 9. Bd3 Bxd3 10. Qxd3 e6 11. Bd2 Ngf6 12. 0-0-0 Be7 13. Ne4 Qb6 14. Nxf6+ Nxf6 15. Ne5 Rd8 16. Qg3 Rg8 17. Be3 Qa6 18. Kb1 Rd5 19. Bc1 b5 20. Qf3 Rf8 21. Rhe1 b4 22. Bf4 Qb5 23. g4 Nd7 24. Nxd7 Kxd7 25. Be5 f6 26. Bf4 Bd6 27. Rd3 a5 28. Qe4 Re8 29. Bxd6 Rxd6 30. f4 Re7 31. Qe3 Kc8 32. Rg1 Red7 33. Rgd1 Kd8 34. Qe4 Qd5 35. Qe2 Qb5 36. Qe3 Qd5 37. Rg1 Kc8 38. g5 Qf5 39. b3 c5 40. gxh6 gxh6 41. Rgd1 Qxh5 42. dxc5 Rxd3 43. Rxd3 Rxd3 44. Qxd3 Qxc5 45. Qg6 h5 46. Qe8+ Kc7 47. Qxe6 Qg1+ 48. Kb2 Qd4+ 49. Kb1 h4 50. Qe7+ Kb6 51. Qe6+ Kc5 52. Qc8+ Kd5 53. Qa8+ Ke6 54. Qe8+ Kf5 55. Qh5+ Kxf4 56. Qxh4+ Ke5 57. Qh2+ Ke6 58. Qe2+ Qe5 59. Qc4+ Qd5 60. Qe2+ Kf7 61. Kc1 Qg5+ 62. Kb2 Qc5 63. Qe4 f5 64. Qf3 Qe5+ 65. Kb1 f4 66. Qb7+ Kf6 67. Qc6+ Qe6 68. Qa8 Qe1+ 69. Kb2 Qe5+ 70. Kb1 Kf5 71. Qc8+ Kg5 72. Qg8+ Kh4 73. Qh7+ Kg3 74. Qg6+ Kf2 75. Qb6+ Ke2 76. Qa6+ Ke1 77. Qb6 f3 0-1

[Event "PNWCC Online blitz JP 10th"]
[Site "Chess.com INT"]
[Date "2020.05.16"]
[Round "7"]
[White "Fedoseev, Vladimir1111"]
[Black "Margvelashvili, Giorgi"]
[Result "1-0"]
[WhiteElo "2678"]
[BlackElo "2523"]
[PlyCount "73"]
[EventDate "2020.05.16"]
[EventType "swiss (blitz)"]
[EventRounds "11"]
[EventCountry "USA"]
[SourceTitle "CBM 196 Extra"]
[Source "ChessBase"]
[SourceDate "2020.07.31"]
[SourceVersion "1"]
[SourceVersionDate "2020.07.31"]
[SourceQuality "1"]

1. e4 c6 2. d4 d5 3. e5 Bf5 4. Nf3 e6 5. Be2 Nd7 6. Nbd2 Ne7 7. Nf1 c5 8. c3 Nc6 9. Ng3 Bg4 10. 0-0 Be7 11. Be3 Rc8 12. h3 Bxf3 13. Bxf3 cxd4 14. cxd4 Bg5 15. Qd2 Bxe3 16. fxe3 0-0 17. Nh5 g6 18. Nf4 Qe7 19. a3 Rc7 20. Bxd5 exd5 21. Nxd5 Qd8 22. Nxc7 Qxc7 23. Rac1 Qd8 24. Qc2 Qe7 25. Qb3 Nb6 26. Rf6 Nd7 27. Rd6 Nb6 28. Rf1 Kg7 29. Rdf6 Nd8 30. a4 Nd7 31. a5 a6 32. Rd6 Nb8 33. Qb6 Nbc6 34. b4 Ne6 35. d5 Nxe5 36. dxe6 Nc4 37. Qd4+ 1-0

[Event "PNWCC Online blitz JP 8th"]
[Site "Chess.com INT"]
[Date "2020.05.02"]
[Round "5"]
[White "Margvelashvili, Giorgi"]
[Black "Karjakin, Sergey"]
[Result "0-1"]
[WhiteElo "2523"]
[BlackElo "2752"]
[PlyCount "68"]
[EventDate "2020.05.02"]
[EventType "swiss (blitz)"]
[EventRounds "11"]
[EventCountry "USA"]
[SourceTitle "CBM 195 Extra"]
[Source "ChessBase"]
[SourceDate "2020.05.31"]
[SourceVersion "1"]
[SourceVersionDate "2020.05.31"]
[SourceQuality "1"]

1. d4 Nf6 2. c4 e6 3. Nf3 d5 4. e3 Be7 5. Nbd2 0-0 6. Bd3 c5 7. dxc5 Na6 8. 0-0 Nxc5 9. Be2 b6 10. b3 Bb7 11. Bb2 Rc8 12. Rc1 h6 13. Ne5 Qd6 14. cxd5 Nxd5 15. Ndc4 Qd8 16. Qd4 Bf6 17. Rfd1 Qe7 18. h3 Rfd8 19. Bh5 g6 20. Qg4 Bg7 21. Bxg6 fxg6 22. Nxg6 Qg5 23. Rxd5 Rxd5 24. Qxg5 Rxg5 25. Ne7+ Kh7 26. Nxc8 Rxg2+ 27. Kf1 Nd3 28. Rc2 Bf3 29. Nd2 Rxf2+ 30. Kg1 Rg2+ 31. Kf1 Rh2 32. Nxf3 Rxc2 33. Bxg7 Kxg7 34. Nxa7 Rf2+ 0-1

[Event "PNWCC Online blitz JP 8th"]
[Site "Chess.com INT"]
[Date "2020.05.02"]
[Round "2"]
[White "Margvelashvili, Giorgi"]
[Black "Xiong, Jeffery"]
[Result "1/2-1/2"]
[WhiteElo "2523"]
[BlackElo "2709"]
[PlyCount "79"]
[EventDate "2020.05.02"]
[EventType "swiss (blitz)"]
[EventRounds "11"]
[EventCountry "USA"]
[SourceTitle "CBM 195 Extra"]
[Source "ChessBase"]
[SourceDate "2020.05.31"]
[SourceVersion "1"]
[SourceVersionDate "2020.05.31"]
[SourceQuality "1"]

1. Nf3 Nf6 2. c4 c5 3. Nc3 Nc6 4. g3 d5 5. d4 cxd4 6. Nxd4 dxc4 7. Nxc6 Qxd1+ 8. Nxd1 bxc6 9. Bg2 Nd5 10. Ne3 e6 11. Nxc4 Bb4+ 12. Bd2 Ba6 13. Rc1 Ke7 14. Bxb4+ Nxb4 15. a3 Nd5 16. Na5 c5 17. Bxd5 exd5 18. Rxc5 Rhc8 19. Rxc8 Rxc8 20. Kd2 Bb5 21. e3 Kd6 22. Rc1 Rxc1 23. Kxc1 d4 24. Kd2 Kd5 25. Nb3 dxe3+ 26. Kxe3 f6 27. Nd4 Bd7 28. Kd3 g5 29. f3 h5 30. h4 Bc8 31. b4 Bd7 32. b5 Kc5 33. a4 Kb4 34. Nc6+ Kxa4 35. Nxa7 Ka5 36. Ke4 f5+ 37. Ke3 f4+ 38. Kf2 fxg3+ 39. Kxg3 gxh4+ 40. Kxh4 1/2-1/2

[Event "PRO League Stage"]
[Site "Chess.com INT"]
[Date "2019.03.13"]
[Round "10"]
[White "Li, Di"]
[Black "Margvelashvili, Giorgi"]
[Result "1/2-1/2"]
[WhiteElo "2488"]
[BlackElo "2530"]
[PlyCount "99"]
[EventDate "2019.01.08"]
[EventType "team-swiss (rapid)"]
[EventRounds "10"]
[EventCountry "USA"]
[SourceTitle "CBM 189 Extra"]
[Source "ChessBase"]
[SourceDate "2019.06.03"]
[SourceVersion "1"]
[SourceVersionDate "2019.06.03"]
[SourceQuality "1"]
[WhiteTeam "Chengdu Pandas"]
[BlackTeam "Seattle Sluggers"]
[WhiteTeamCountry "CHN"]
[BlackTeamCountry "USA"]

1. d4 Nf6 2. c4 e6 3. Nf3 Bb4+ 4. Bd2 Qe7 5. g3 Bxd2+ 6. Qxd2 Nc6 7. Nc3 d5 8. Bg2 dxc4 9. 0-0 0-0 10. e4 a6 11. e5 Nd5 12. Ne4 b5 13. b3 cxb3 14. axb3 Ncb4 15. Rfc1 Bb7 16. Nc5 Rfb8 17. Ra5 Bc8 18. Ng5 h6 19. Nge4 Nc6 20. Raa1 a5 21. f4 Ncb4 22. Qf2 a4 23. bxa4 bxa4 24. g4 a3 25. g5 h5 26. f5 exf5 27. Nf6+ gxf6 28. gxf6 Qf8 29. Bxd5 Nxd5 30. Qg2+ Kh8 31. Qxd5 Ra5 32. Qf3 Qg8+ 33. Kh1 Qg4 34. Rxa3 Rxa3 35. Qxa3 Qxd4 36. Qf3 Qg4 37. Qd5 Be6 38. Nxe6 fxe6 39. Qc6 Rg8 40. f7 Rf8 41. Qxe6 Qf3+ 42. Kg1 Qe3+ 43. Kg2 Qd2+ 44. Kf3 Qxc1 45. Qf6+ Kh7 46. Qxf5+ Kg7 47. Qf6+ Kh7 48. Qf5+ Kg7 49. Qf6+ Kh7 50. Qf5+ 1/2-1/2

[Event "PRO League Stage"]
[Site "Chess.com INT"]
[Date "2019.02.20"]
[Round "7"]
[White "Margvelashvili, Giorgi"]
[Black "Boros, Denes"]
[Result "1/2-1/2"]
[WhiteElo "2530"]
[BlackElo "2442"]
[PlyCount "93"]
[EventDate "2019.01.08"]
[EventType "team-swiss (rapid)"]
[EventRounds "10"]
[EventCountry "USA"]
[SourceTitle "CBM 189 Extra"]
[Source "ChessBase"]
[SourceDate "2019.06.03"]
[SourceVersion "1"]
[SourceVersionDate "2019.06.03"]
[SourceQuality "1"]
[WhiteTeam "Seattle Sluggers"]
[BlackTeam "Webster Windmills"]
[WhiteTeamCountry "USA"]
[BlackTeamCountry "USA"]

1. Nf3 e6 2. b3 d5 3. Bb2 Nf6 4. g3 g6 5. Bg2 Bg7 6. c4 0-0 7. 0-0 c6 8. d4 Nbd7 9. Nc3 b6 10. Rc1 Ba6 11. cxd5 cxd5 12. b4 b5 13. a4 Rb8 14. Ra1 Qc7 15. Qd3 Qc4 16. Qxc4 bxc4 17. b5 Rfc8 18. Ba3 Bb7 19. Bd6 Ra8 20. a5 a6 21. b6 Ne8 22. Ba3 Bf8 23. Nd2 Bxa3 24. Rxa3 f5 25. e3 Nd6 26. Rb1 g5 27. f4 g4 28. Kf2 Kg7 29. Ra2 Rf8 30. Rab2 Rac8 31. Rc1 h6 32. Ndb1 Bc6 33. Na3 Nb7 34. Nc2 Nxa5 35. Ra1 Nb3 36. Rxa6 Rb8 37. Nb4 Bb7 38. Ra7 Rf7 39. Na4 Nf6 40. Nc5 Bc8 41. Nxb3 cxb3 42. Rxf7+ Kxf7 43. Rxb3 Rxb6 44. Rb2 Bd7 45. Nd3 Rxb2+ 46. Nxb2 Bb5 47. Nd1 1/2-1/2

[Event "PRO League Stage"]
[Site "Chess.com INT"]
[Date "2019.02.20"]
[Round "7"]
[White "Zhao, Jun"]
[Black "Margvelashvili, Giorgi"]
[Result "1-0"]
[WhiteElo "2610"]
[BlackElo "2530"]
[PlyCount "83"]
[EventDate "2019.01.08"]
[EventType "team-swiss (rapid)"]
[EventRounds "10"]
[EventCountry "USA"]
[SourceTitle "CBM 189 Extra"]
[Source "ChessBase"]
[SourceDate "2019.06.03"]
[SourceVersion "1"]
[SourceVersionDate "2019.06.03"]
[SourceQuality "1"]
[WhiteTeam "Chengdu Pandas"]
[BlackTeam "Seattle Sluggers"]
[WhiteTeamCountry "CHN"]
[BlackTeamCountry "USA"]

1. c4 Nf6 2. Nc3 c5 3. g3 e6 4. Nf3 b6 5. Bg2 Bb7 6. 0-0 a6 7. Re1 Be7 8. e4 d6 9. d4 cxd4 10. Nxd4 Qc7 11. b3 0-0 12. Bb2 Nbd7 13. Qe2 Rac8 14. Rad1 Qb8 15. h3 Rfe8 16. Rd2 Bf8 17. Qd1 Qa8 18. Kh2 Nc5 19. Rde2 g6 20. Nc2 Bg7 21. Qxd6 Red8 22. Qxb6 Nfd7 23. Qa5 Nd3 24. Ba3 Nxe1 25. Nxe1 Ne5 26. Na4 Nc6 27. Qg5 Qb8 28. Nc2 Nd4 29. Nxd4 Bxd4 30. e5 Bxg2 31. Kxg2 Qb7+ 32. f3 Rd7 33. Bd6 Qc6 34. Qf4 Ba7 35. c5 Re8 36. h4 Bb8 37. h5 Bxd6 38. exd6 Rdd8 39. h6 Qb5 40. Qf6 Qxe2+ 41. Kh3 Qf1+ 42. Kg4 1-0

[Event "PRO League Stage"]
[Site "Chess.com INT"]
[Date "2019.02.20"]
[Round "7"]
[White "Zierk, Steven C"]
[Black "Margvelashvili, Giorgi"]
[Result "0-1"]
[WhiteElo "2510"]
[BlackElo "2530"]
[PlyCount "36"]
[EventDate "2019.01.08"]
[EventType "team-swiss (rapid)"]
[EventRounds "10"]
[EventCountry "USA"]
[SourceTitle "CBM 189 Extra"]
[Source "ChessBase"]
[SourceDate "2019.06.03"]
[SourceVersion "1"]
[SourceVersionDate "2019.06.03"]
[SourceQuality "1"]
[WhiteTeam "San Francisco Mechanics"]
[BlackTeam "Seattle Sluggers"]
[WhiteTeamCountry "USA"]
[BlackTeamCountry "USA"]

1. e4 c6 2. d4 d5 3. exd5 cxd5 4. Nf3 Nf6 5. Ne5 g6 6. Bb5+ Nbd7 7. 0-0 Bg7 8. Re1 0-0 9. Nxd7 Bxd7 10. Bd3 Ne4 11. Bxe4 dxe4 12. c4 Rc8 13. b3 Bg4 14. Qxg4 Qxd4 15. Nc3 Qxc3 16. Ba3 Qa5 17. Bxe7 Bxa1 18. Rxa1 Qe5 0-1

[Event "PRO League Stage"]
[Site "Chess.com INT"]
[Date "2019.01.30"]
[Round "4"]
[White "Haria, Ravi"]
[Black "Margvelashvili, Giorgi"]
[Result "0-1"]
[WhiteElo "2450"]
[BlackElo "2530"]
[PlyCount "68"]
[EventDate "2019.01.08"]
[EventType "team-swiss (rapid)"]
[EventRounds "10"]
[EventCountry "USA"]
[SourceTitle "CBM 188 Extra"]
[Source "ChessBase"]
[SourceDate "2019.02.26"]
[SourceVersion "1"]
[SourceVersionDate "2019.02.26"]
[SourceQuality "1"]
[WhiteTeam "London Lions"]
[BlackTeam "Seattle Sluggers"]
[WhiteTeamCountry "ENG"]
[BlackTeamCountry "USA"]

1. Nf3 c5 2. e4 d6 3. Bb5+ Nc6 4. 0-0 Bd7 5. Re1 Nf6 6. c3 a6 7. Bc4 Bg4 8. d4 Bxf3 9. gxf3 e5 10. dxe5 dxe5 11. a4 Qc7 12. Nd2 Be7 13. Nf1 Na5 14. Ne3 0-0 15. Qe2 Nxc4 16. Qxc4 b5 17. Qf1 c4 18. Nf5 g6 19. Qg2 Nh5 20. Qg4 Bf6 21. Kh1 Nf4 22. Bxf4 exf4 23. Red1 Kh8 24. axb5 gxf5 25. Qxf5 Qe5 26. Rd5 Qe6 27. Qxf4 axb5 28. Rad1 Rad8 29. Rd6 Rxd6 30. Rxd6 Be5 31. Rxe6 Bxf4 32. Rb6 Rb8 33. Rf6 Bc1 34. Rxf7 Kg8 0-1